000 00979nam a2200265Ia 4500
003 OSt
005 20221005111103.0
006 a|||||r|||| 00| 0
007 ta
008 221004b |||||||| |||| 00| 0 hin d
020 _a9788171197859 (hbk)
_c550
024 _a16480
037 _bSP/3820, 25/03/2015, Star Publications Pvt. Ltd.
_cTextual
040 _aCRL
_cCRL
_bhin
041 _2hin
_ahin
082 _aO152vN5, P0;Q3
100 _aबच्चन सिंह
245 0 _aहिन्दी साहित्य का दूसरा इतिहास
246 _aHindī sāhitya kā dūsarā itihāsa
260 _aनई दिल्ली
_bराधाकृष्ण भारत
_c2006
300 _a535पृ0
_ccm.
650 _aहिन्दी साहित्य
942 _hO152vN5, P0;Q3
_cTEXL
_2cc
999 _c1020772
_d1020772